| 000 | 00000nam##2200000za#4500 |
| 001 | 9.659855 |
| 003 | CaOODSP |
| 005 | 20200401051006 |
| 007 | ta |
| 008 | 150407|1998||||xxc||||| f|0| 0 eng|d |
| 020 | |a0-662-82561-6 |
| 040 | |aCaOODSP|beng |
| 041 | |aeng |
| 041 | |afre |
| 043 | |an-cn--- |
| 086 | 1 |aBT43-99/1998 |
| 110 | 1 |aCanada.|bTreasury Board.|bHuman Resources Branch. |
| 245 | 14|aThe Public Service Management Insurance Plan : |bexecutive booklet |
| 260 | |aOttawa - Ontario : |bTreasury Board of Canada Secretariat. |c1998. |
| 300 | |aEnglish text, 14p. ; |c28 cm. |
| 500 | |aN.B.: Incorrect catalogue number (BT43-99/1998F-IN) and ISBN (0-662-82562-4) printed in this publication. |
| 563 | |aSoftcover |
| 590 | |a98-51|b1998-12-18 |
| 776 | 0#|tThe Public Service Management Insurance Plan : |w(CaOODSP)9.685758 |
| 776 | 0#|tLe Régime d'assurance pour les cadres de gestion de la fonction publique : |w(CaOODSP)9.630350 |
| 792 | |tLe Régime d'assurance pour des cadres de gestion de la fonction publique : |efre|w(CaOODSP)9.659856 |